[Event "Druzynowe Mistrzostwa Polski - I Liga 2018"]
[Site "Pokrzywna"]
[Date "1899-12-30"]
[Round "1.27"]
[White "Rawicz, Karol"]
[Black "Bardeli, Lukasz"]
[Result "1-0"]
[WhiteTitle "FM"]
[BlackTitle "FM"]
[WhiteElo "2164"]
[BlackElo "2133"]

1. e4 e5 2. Nf3 Nf6 3. Nxe5 d6 4. Nf3 Nxe4 5. Nc3 Nxc3 6. dxc3 Be7 7. Bf4 Nd7 8.
Be2 Nc5 9. O-O O-O 10. Nd4 Bg5 11. Qc1 Bxf4 12. Qxf4 Ne6 13. Qf3 Qg5 14. Rfe1
Nf4 15. Bf1 h5 16. h4 Qg4 17. g3 Ng6 18. Qxg4 Bxg4 19. f3 Bd7 20. f4 Rfe8 21.
Be2 c5 22. Nb3 Bg4 23. Bxg4 hxg4 24. Na5 b6 25. Nc4 d5 26. Ne3 Ne7 27. Nxg4 Nf5
28. Kf2 f6 29. Ne3 Ne7 30. Rad1 Rad8 31. Nxd5 Kf7 32. Nxe7 Rxd1 33. Rxd1 Rxe7
34. Rd5 Ke6 35. c4 Kf7 36. b3 Ke8 37. h5 Kf7 38. Kf3 Ke8 39. Kf2 Kf7 40. a4 Ke8
41. a5 Rb7 42. axb6 axb6 43. Kf3 Ke7 44. Kg4 Ke6 45. Rd8 Ke7 46. Rc8 Ke6 47. c3
Kd6 48. Kf5 b5 49. Ke4 1-0

[Event "Druzynowe Mistrzostwa Polski - I Liga 2018"]
[Site "Pokrzywna"]
[Date "1899-12-30"]
[Round "1.28"]
[White "Raczynski, Krzysztof"]
[Black "Jaroch, Karol"]
[Result "1/2-1/2"]
[WhiteTitle "k+"]
[BlackTitle "m"]
[WhiteElo "2091"]
[BlackElo "2201"]

1. e4 e6 2. d4 d5 3. Nd2 Nf6 4. e5 Nfd7 5. Bd3 c5 6. c3 Nc6 7. Ne2 Qc7 8. O-O Nb6
9. Nf3 h6 10. Nf4 Bd7 11. Nh5 O-O-O 12. Be3 c4 13. Be2 Be8 14. Nd2 Kb8 15. f4
Ne7 16. g4 Ka8 17. Rf2 Nd7 18. Ng3 f6 19. Ndf1 Nc8 20. Qd2 Be7 21. Re1 fxe5 22.
fxe5 Bg6 23. Nh5 Bh4 24. Nfg3 Nf8 25. Ref1 Qe7 26. Nf4 Be8 27. Bf3 Nh7 28. Bg2
g6 29. Qc2 Rg8 30. Qe2 Ng5 31. Nh3 Nxh3+ 32. Bxh3 g5 33. Rf6 Bg6 34. Qf3 Nb6 35.
Qd1 Nd7 36. R6f3 Bd3 37. R1f2 Qe8 38. Rf7 Bg6 39. R7f3 h5 40. Rf1 Bxg3 41. Rxg3
Bd3 42. Rf2 hxg4 43. Bxg4 Qe7 44. Qd2 Rdf8 45. Rgf3 Rxf3 46. Rxf3 Be4 47. Rf2
a6 48. Qc1 Rg7 49. Qd2 Rg6 50. Rf1 Bd3 51. Rf3 Rg8 52. Qf2 Bg6 53. Qg3 Be4 54.
Rf2 Ka7 55. Qh3 Rg6 56. Qh8 Rg7 57. b3 cxb3 58. axb3 Rh7 59. Qg8 Qa3 60. Qxg5
Qa1+ 61. Rf1 Qxc3 62. Bxe6 Rg7 63. Qxg7 Qxe3+ 64. Rf2 Qe1+ 1/2-1/2

[Event "Druzynowe Mistrzostwa Polski - I Liga 2018"]
[Site "Pokrzywna"]
[Date "1899-12-30"]
[Round "1.29"]
[White "Worek, Joanna"]
[Black "Szelag, Zuzanna"]
[Result "1-0"]
[WhiteTitle "WGM"]
[BlackTitle "k"]
[WhiteElo "2295"]
[BlackElo "2015"]

1. d4 Nf6 2. c4 c5 3. Nf3 e6 4. Nc3 cxd4 5. Nxd4 Bb4 6. g3 O-O 7. Bg2 d5 8. cxd5
Nxd5 9. Bd2 Nxc3 10. bxc3 Bc5 11. Nb3 Bb6 12. O-O Nc6 13. c4 Qe7 14. Qc2 Nd4 15.
Nxd4 Bxd4 16. Rab1 Rb8 17. Rfd1 Bc5 18. Bc3 b6 19. Be5 Rb7 20. Bxb7 Bxb7 21. Qd3
Qg5 22. Bd4 Be7 23. f3 h5 24. Be3 Qf6 25. Qd7 Ba6 26. Qa4 Qc3 27. Rd3 Qxc4 28.
Qxc4 Bxc4 29. Rd7 Bf6 30. Rxa7 Bxe2 31. Kf2 Bd3 32. Rxb6 Rc8 33. Rd7 Rc2+ 34.
Kg1 Bg6 35. Rb8+ Kh7 36. Rd2 Rc3 37. Kf2 Ra3 38. Rb3 Ra4 39. Bc5 Be5 40. Bb4 Bc7
41. a3 Bb6+ 42. Kg2 e5 43. Bc3 Bc5 44. Bxe5 Rxa3 45. Rxa3 Bxa3 46. h3 Bf5 47.
g4 hxg4 48. hxg4 Be6 49. Kg3 Bb4 50. Rd1 Be7 51. f4 Kg8 52. f5 Bb3 53. Rb1 Bd5
54. Rb8+ Kh7 55. Kf4 f6 56. Bc7 Bg8 57. Ke4 Ba3 58. Bf4 Kh8 59. Rc8 Bb2 60. Bd6
Ba1 61. Ra8 Bb2 62. Rb8 Bc1 63. Rb1 Bd2 64. Rh1+ Bh7 65. Kd5 Bc3 66. Ke6 Bd2 67.
Be7 Bg5 68. Kf7 Bh6 69. Rxh6 gxh6 70. Bxf6# 1-0

[Event "Druzynowe Mistrzostwa Polski - I Liga 2018"]
[Site "Pokrzywna"]
[Date "1899-12-30"]
[Round "2.1"]
[White "Jakubiec, Artur"]
[Black "Mroziak, Maciej"]
[Result "1-0"]
[WhiteTitle "GM"]
[BlackTitle "IM"]
[WhiteElo "2514"]
[BlackElo "2386"]

1. d4 d5 2. Nc3 Nf6 3. Bf4 a6 4. Qd3 e6 5. e4 dxe4 6. Nxe4 Nbd7 7. O-O-O Nxe4 8.
Qxe4 Nf6 9. Qe1 Bd6 10. Be5 Qe7 11. Be2 Bd7 12. Bf3 Bc6 13. h4 Bxf3 14. Nxf3 O-O-O
15. Qe2 Rd7 16. Rd3 Nd5 17. Rb3 f6 18. Bxd6 Qxd6 19. g3 Nb4 20. a3 Nc6 21. Rd1
Rhd8 22. Rbd3 Qd5 23. b3 Qf5 24. Qe3 h6 25. R3d2 g5 26. Kb2 Kb8 27. c3 Na5 28.
c4 Nc6 29. hxg5 hxg5 30. Ne1 Qg4 31. Nc2 Kc8 32. Kc3 Qf5 33. Re2 Re7 34. Qe4 Qxe4
35. Rxe4 f5 36. Re2 e5 37. d5 Nd4 38. Nxd4 exd4+ 39. Kd3 Rxe2 40. Kxe2 c5 41.
dxc6 bxc6 42. Kd3 Re8 43. Rh1 c5 44. b4 Kd7 45. Rh7+ Kc6 46. Rh6+ Kc7 47. Rxa6
Re1 48. Ra5 cxb4 49. axb4 f4 50. Kxd4 f3 51. Rxg5 Re2 52. Rf5 Rxf2 53. Kc5 Rf1
54. b5 f2 55. Rf7+ Kb8 56. Kb6 1-0

[Event "Druzynowe Mistrzostwa Polski - I Liga 2018"]
[Site "Pokrzywna"]
[Date "1899-12-30"]
[Round "2.2"]
[White "Kolago, Marcin"]
[Black "Marczuk, Dominik"]
[Result "1/2-1/2"]
[WhiteTitle "m"]
[BlackTitle "k"]
[WhiteElo "2356"]
[BlackElo "2293"]

1. e4 c5 2. Nc3 a6 3. a4 Nc6 4. Nge2 d6 5. g3 g6 6. Bg2 Bg7 7. O-O e6 8. d3 Nge7
9. Bg5 O-O 10. Qd2 Rb8 11. Bh6 Bxh6 12. Qxh6 b5 13. axb5 axb5 14. Nd1 Nd4 15.
Qd2 e5 16. Ne3 Be6 17. f4 f6 18. f5 gxf5 19. Nxd4 cxd4 20. Nxf5 Bxf5 21. exf5
Qc7 22. g4 Kh8 23. Rf2 d5 24. Qh6 Rf7 25. g5 Qc6 26. Ra7 Ra8 27. g6 Rg7 28. Rxa8+
Qxa8 29. h4 Qa5 30. Rf1 Ng8 31. Qh5 b4 32. Rf3 h6 33. b3 Rc7 34. Rf2 Kg7 35. Qd1
Ne7 36. h5 Qc5 37. Qe2 Rc6 38. Qf3 Ra6 39. Re2 Ra1+ 40. Kh2 Qc6 41. Qf2 Rc1 42.
Bh3 Qc7 43. Kg2 Nc8 44. Bg4 Na7 45. Bf3 Nb5 46. Kh3 Qc6 47. Qh2 Nc3 48. Rxe5 1/2-1/2

[Event "Druzynowe Mistrzostwa Polski - I Liga 2018"]
[Site "Pokrzywna"]
[Date "1899-12-30"]
[Round "2.3"]
[White "Chmiel, Marcin"]
[Black "Wiewiora, Eneasz"]
[Result "1/2-1/2"]
[WhiteTitle "k"]
[BlackTitle "FM"]
[WhiteElo "2237"]
[BlackElo "2355"]

1. c4 g6 2. g3 Bg7 3. Bg2 Nf6 4. Nc3 O-O 5. e4 d6 6. Nge2 c5 7. O-O Nc6 8. d3 Bg4
9. f3 Bd7 10. Be3 a6 11. Qd2 Rb8 12. a4 Ne8 13. d4 Na5 14. Qd3 cxd4 15. Nxd4 Rc8
16. b3 Bxd4 17. Bxd4 Nxb3 18. Rab1 Nxd4 19. Qxd4 Bc6 20. Nd5 Rb8 21. Qb6 Qd7 22.
a5 Bxd5 23. cxd5 Nf6 24. f4 Rfc8 25. Qd4 Qc7 26. e5 Nh5 27. Rb6 Ng7 28. Bh3 Qc5
29. Rd1 Nf5 30. Qxc5 Rxc5 31. Bxf5 gxf5 32. exd6 exd6 33. Rxd6 Rxa5 34. Rb6 Rd8
35. d6 Rd7 36. Rb2 Rc5 37. Rxb7 Rxb7 38. d7 Rxd7 39. Rxd7 Kg7 40. Rd6 a5 41. Ra6
Rc1+ 42. Kg2 Ra1 43. Ra7 Ra2+ 44. Kf3 h5 45. Ra6 a4 46. Ra5 a3 47. h3 Ra1 48.
Kg2 Kf6 49. Ra6+ Ke7 50. Ra5 a2 51. h4 Kd6 52. Kh2 Kc6 53. Kg2 Kb6 54. Ra8 Kc6
55. Ra5 Kb7 56. Kh2 Kb6 57. Ra8 Kc5 58. Kg2 Kd4 59. Rd8+ Ke3 60. Re8+ Kd4 1/2-1/2

[Event "Druzynowe Mistrzostwa Polski - I Liga 2018"]
[Site "Pokrzywna"]
[Date "1899-12-30"]
[Round "2.4"]
[White "Rawicz, Karol"]
[Black "Gbyl, Andrzej"]
[Result "1-0"]
[WhiteTitle "FM"]
[BlackTitle "k+"]
[WhiteElo "2164"]
[BlackElo "2248"]

1. d4 Nf6 2. c4 g6 3. Nc3 Bg7 4. e4 d6 5. h3 O-O 6. Bg5 c5 7. d5 b5 8. cxb5 a6
9. a4 Bd7 10. Nf3 Qa5 11. Bd2 axb5 12. Nxb5 Qb6 13. Qc2 Na6 14. Bc4 Nb4 15. Bxb4
Bxb5 16. Bxb5 Qxb5 17. axb5 Rxa1+ 18. Ke2 Rxh1 19. Be1 Ra8 20. b6 Nd7 21. Qb3
Rb8 22. b7 c4 23. Qxc4 Nc5 24. b4 Rxb7 25. bxc5 Rb2+ 26. Bd2 dxc5 27. Qxc5 Bf8
28. Ne1 h5 29. Qc8 f6 30. Qe8 1-0

[Event "Druzynowe Mistrzostwa Polski - I Liga 2018"]
[Site "Pokrzywna"]
[Date "1899-12-30"]
[Round "2.5"]
[White "Bukojemski, Adam"]
[Black "Jaroch, Karol"]
[Result "1/2-1/2"]
[WhiteTitle "k"]
[BlackTitle "m"]
[WhiteElo "2222"]
[BlackElo "2201"]

1. e4 e6 2. d4 d5 3. Nc3 Bb4 4. exd5 exd5 5. Bd3 Nc6 6. a3 Be7 7. Nce2 Bf6 8. c3
Nge7 9. Ng3 Ng6 10. Nh5 O-O 11. Nxf6+ Qxf6 12. Qf3 Re8+ 13. Kf1 Qxf3 14. Nxf3
Na5 15. Rb1 Nc4 16. Ne1 Bd7 17. b3 Nd6 18. Rb2 Re7 19. f3 Bb5 20. Bxb5 Nxb5 21.
Rc2 Rae8 22. Nd3 Nd6 23. Kf2 f6 24. Re1 Rxe1 25. Nxe1 Kf7 26. a4 Ke6 27. Nd3 b6
28. a5 Kd7 29. Ra2 Ne7 30. Nb4 Nb7 1/2-1/2

[Event "Druzynowe Mistrzostwa Polski - I Liga 2018"]
[Site "Pokrzywna"]
[Date "1899-12-30"]
[Round "2.6"]
[White "Worek, Joanna"]
[Black "Jakubiec, Edyta"]
[Result "1/2-1/2"]
[WhiteTitle "WGM"]
[BlackTitle "WIM"]
[WhiteElo "2295"]
[BlackElo "2153"]

1. e4 c5 2. Nf3 d6 3. d4 cxd4 4. Nxd4 Nf6 5. Nc3 a6 6. h3 e5 7. Nde2 b5 8. Ng3
Nbd7 9. Bg5 h6 10. Be3 Bb7 11. a3 Rc8 12. Nd5 Nxd5 13. exd5 Nf6 14. a4 Qa5+ 15.
c3 bxa4 16. Qxa4+ Qxa4 17. Rxa4 Bxd5 18. Rxa6 Rb8 19. b4 g6 20. f3 Be6 21. Bd3
Nd5 22. Bd2 f5 23. O-O Rh7 24. Rfa1 Rc7 25. Ne2 h5 26. Ra8 Rcb7 27. Rxb8+ Rxb8
28. Ra5 Be7 29. Bb5+ Kf8 30. Bc6 Nb6 31. Ra7 f4 32. Be4 g5 1/2-1/2

[Event "Druzynowe Mistrzostwa Polski - I Liga 2018"]
[Site "Pokrzywna"]
[Date "1899-12-30"]
[Round "2.7"]
[White "Wandzik, Wojciech"]
[Black "Chojnacki, Krzysztof"]
[Result "0-1"]
[WhiteTitle "m"]
[BlackTitle "IM"]
[WhiteElo "2417"]
[BlackElo "2362"]

1. e4 d6 2. d4 Nf6 3. Nc3 g6 4. g3 Bg7 5. Bg2 O-O 6. Nge2 e5 7. O-O c6 8. a4 a5
9. h3 Na6 10. Re1 Nb4 11. Be3 Be6 12. Qd2 Bc4 13. Rad1 Qc7 14. g4 Rad8 15. d5
h5 16. gxh5 Nxh5 17. Bf3 Nf6 18. Ng3 cxd5 19. exd5 Rde8 20. Rc1 Qd7 21. Bg2 Nh7
22. b3 Ba6 23. Bb6 e4 24. Ncxe4 f5 25. c3 Nd3 26. Rcd1 Nxe1 27. Rxe1 fxe4 28.
Nxe4 Nf6 29. Nxf6+ Bxf6 30. Re6 Kh7 31. Qe3 Be5 32. Rxe8 Rxe8 33. Qd2 Be2 34.
Be3 Bh5 35. c4 Qf5 36. c5 dxc5 37. d6 Rd8 0-1

[Event "Druzynowe Mistrzostwa Polski - I Liga 2018"]
[Site "Pokrzywna"]
[Date "1899-12-30"]
[Round "2.8"]
[White "Musialkiewicz, Pawel"]
[Black "Lizak, Jakub"]
[Result "1/2-1/2"]
[WhiteTitle "FM"]
[BlackTitle "k"]
[WhiteElo "2247"]
[BlackElo "2168"]

1. d4 Nf6 2. c4 g6 3. Nc3 d5 4. Nf3 Bg7 5. Bg5 Ne4 6. Bh4 Nxc3 7. bxc3 dxc4 8.
Qa4+ Qd7 9. Qxc4 b6 10. e3 Ba6 11. Qb3 Bxf1 12. Kxf1 Nc6 13. a4 Na5 14. Qa3 c5
15. Ke2 Rc8 16. Rhd1 Qb7 17. Kf1 O-O 18. Rab1 cxd4 19. cxd4 Rc7 20. Bg3 Rc2 21.
Qb4 Qe4 22. Qb5 Rfc8 23. Ne1 R2c6 24. Nd3 Nc4 25. Rbc1 Bh6 26. d5 Rf6 27. Kg1
Kg7 28. Qa6 Nxe3 29. fxe3 Bxe3+ 30. Kh1 Rxc1 31. Nxc1 Bxc1 32. Rxc1 Qxd5 1/2-1/2

[Event "Druzynowe Mistrzostwa Polski - I Liga 2018"]
[Site "Pokrzywna"]
[Date "1899-12-30"]
[Round "2.9"]
[White "Duda, Lukasz"]
[Black "Musialkiewicz, Jan"]
[Result "1/2-1/2"]
[WhiteTitle "k++"]
[BlackTitle "k+"]
[WhiteElo "2201"]
[BlackElo "2244"]

1. e4 c5 2. Nf3 e6 3. d4 cxd4 4. Nxd4 Nf6 5. Nc3 d6 6. Be2 Be7 7. O-O O-O 8. Kh1
Nc6 9. Be3 Qc7 10. f4 Re8 11. Bd3 a6 12. a4 Nxd4 13. Bxd4 e5 14. Be3 exf4 15.
Bxf4 Be6 16. Qe2 Nd7 17. Rad1 g6 18. Qf2 Bf6 19. Qg3 Ne5 20. Be2 Bg7 21. Rd2 Rac8
22. Rfd1 Nc4 23. Bxc4 Qxc4 24. Rxd6 Qb4 25. e5 Qxb2 26. Ne4 Rxc2 27. Qg5 Bf5 28.
Rd8 Rc8 29. Nf6+ Bxf6 30. Rxe8+ Rxe8 31. Qxf6 Be4 32. Qg5 Qe2 33. Rc1 Bc6 34.
h3 h6 35. Qg3 Kh7 36. Re1 Qc2 37. Rc1 Qb2 38. h4 Qa2 39. Rf1 Bxa4 40. Rf2 Qd5
41. Bd2 Bc6 42. Bc3 Bd7 43. Rd2 Qb5 1/2-1/2

[Event "Druzynowe Mistrzostwa Polski - I Liga 2018"]
[Site "Pokrzywna"]
[Date "1899-12-30"]
[Round "2.10"]
[White "Bardeli, Lukasz"]
[Black "Gola, Karol"]
[Result "1/2-1/2"]
[WhiteTitle "FM"]
[BlackTitle "k"]
[WhiteElo "2133"]
[BlackElo "2214"]

1. Nf3 d5 2. c4 d4 3. g3 c5 4. b4 cxb4 5. a3 bxa3 6. Bxa3 g6 7. d3 Bg7 8. Bg2 Nc6
9. O-O Nf6 10. Nbd2 O-O 11. Qb3 Re8 12. Rfb1 h6 13. Qc2 Nd7 14. Rb5 Qc7 15. Rab1
Rb8 16. Qa2 a6 17. R5b2 b6 18. Ne4 Na5 19. Bb4 Nc6 20. Ba3 Na5 21. Bb4 Nc6 22.
Ba3 Na5 23. Bb4 1/2-1/2

[Event "Druzynowe Mistrzostwa Polski - I Liga 2018"]
[Site "Pokrzywna"]
[Date "1899-12-30"]
[Round "2.11"]
[White "Kalmuk, Krzysztof"]
[Black "Raczynski, Krzysztof"]
[Result "1/2-1/2"]
[WhiteTitle "I++"]
[BlackTitle "k+"]
[WhiteElo "2025"]
[BlackElo "2091"]

1. d4 Nf6 2. Nf3 g6 3. c4 Bg7 4. Nc3 O-O 5. e4 d6 6. Be2 e5 7. O-O Nc6 8. d5 Ne7
9. b4 Nh5 10. c5 Nf4 11. Bxf4 exf4 12. Rc1 a5 13. a3 axb4 14. axb4 f5 15. cxd6
cxd6 16. e5 dxe5 17. d6 Nc6 18. Qd5+ Kh8 19. b5 Ra5 20. Ra1 Rxa1 21. Rxa1 Nd4
22. Nxe5 Nxe2+ 23. Nxe2 Qf6 24. Ra8 Qxe5 25. Qxe5 Bxe5 26. d7 Bxd7 27. Rxf8+ Kg7
28. Rd8 Bxb5 29. Rd5 Bxe2 30. Rxe5 f3 31. Re7+ Kf6 32. Rxb7 h6 33. h4 g5 34. Rb6+
Kg7 35. gxf3 Bxf3 36. Kh2 f4 37. Kh3 Be2 38. Kg2 Bg4 39. f3 Bf5 40. h5 Bd3 41.
Rb7+ Kf6 42. Kf2 Bc4 43. Rh7 Bf7 44. Rxh6+ Kg7 45. Rb6 1/2-1/2

[Event "Druzynowe Mistrzostwa Polski - I Liga 2018"]
[Site "Pokrzywna"]
[Date "1899-12-30"]
[Round "2.12"]
[White "Szelag, Zuzanna"]
[Black "Szydlowska-duda, Marta"]
[Result "1/2-1/2"]
[WhiteTitle "k"]
[BlackTitle "k"]
[WhiteElo "2015"]
[BlackElo "2001"]

1. d4 d5 2. c4 e6 3. Nc3 Nf6 4. cxd5 exd5 5. Bg5 Be7 6. e3 c6 7. Bd3 Bg4 8. Qc2
Nbd7 9. f3 Bh5 10. Nge2 Bg6 11. Bxg6 hxg6 12. O-O-O Qa5 13. Kb1 Nb6 14. Nc1 Nc4
15. Nb3 Qb4 16. e4 a5 17. a3 Qb6 18. Na4 Qb5 19. Nc3 Qb6 20. Na4 Qb5 21. Nc3 Qb6
22. Na4 1/2-1/2

[Event "Druzynowe Mistrzostwa Polski - I Liga 2018"]
[Site "Pokrzywna"]
[Date "1899-12-30"]
[Round "2.13"]
[White "Jaracz, Pawel"]
[Black "Szwed, Jacek"]
[Result "1-0"]
[WhiteTitle "GM"]
[BlackTitle "FM"]
[WhiteElo "2453"]
[BlackElo "2397"]

1. Nf3 Nf6 2. c4 c5 3. Nc3 e6 4. e3 d5 5. cxd5 Nxd5 6. d4 cxd4 7. exd4 Nxc3 8.
bxc3 Qc7 9. Bd2 Nd7 10. Bd3 b6 11. Ng5 Nf6 12. Qf3 Rb8 13. O-O Bd6 14. Qh3 h6
15. Nf3 Bf4 16. Bxf4 Qxf4 17. Bb5+ Bd7 18. Bxd7+ Nxd7 19. d5 Nc5 20. Nd4 O-O 21.
dxe6 Nxe6 22. Nxe6 fxe6 23. Qxe6+ Kh8 24. Rae1 Rbd8 25. Re2 Rfe8 26. Qxe8+ Rxe8
27. Rxe8+ Kh7 28. Re2 Qc4 29. Rc2 Qd3 30. Rfc1 Qc4 31. h3 Kg6 32. Rd1 Qa4 33.
Rd6+ Kh7 34. Rcd2 Qc4 35. R6d3 Qe6 36. Re3 Qf7 37. a4 Qb3 38. Rd4 Qa2 39. Rg3
Qb1+ 40. Kh2 Qf5 41. Rdg4 g5 42. f4 Qd7 43. fxg5 h5 44. g6+ Kg7 45. Rf4 Qd6 46.
Rf7+ Kg8 47. g7 1-0

[Event "Druzynowe Mistrzostwa Polski - I Liga 2018"]
[Site "Pokrzywna"]
[Date "1899-12-30"]
[Round "2.14"]
[White "Zylka, Stanislaw"]
[Black "Maksimenko, Andrei"]
[Result "0-1"]
[WhiteTitle "FM"]
[BlackTitle "GM"]
[WhiteElo "2327"]
[BlackElo "2483"]

1. Nf3 d5 2. d4 Nf6 3. c4 e6 4. g3 dxc4 5. Bg2 a6 6. O-O Nc6 7. e3 Bd7 8. Qe2 Bd6
9. Qxc4 O-O 10. Nbd2 Rc8 11. Rd1 Na5 12. Qe2 Bb5 13. Qe1 Bd3 14. e4 Be7 15. e5
Nd5 16. Ne4 Bc2 17. Rd2 Bb4 18. Nc3 Bg6 19. Rd1 c5 20. Bd2 Bxc3 21. Bxc3 Nxc3
22. Qxc3 cxd4 23. Qxd4 Qc7 24. Qf4 Rfd8 25. Rxd8+ Qxd8 26. Rc1 Rxc1+ 27. Qxc1
Be4 28. Qd2 Qc7 29. Nh4 Bxg2 30. Kxg2 Nc6 31. Nf3 h6 32. Qc3 Qd7 33. Qc5 g5 34.
h3 Qd3 35. Qb6 Qe4 36. Qxb7 h5 37. Qb6 g4 38. hxg4 hxg4 39. Qe3 Qxe3 40. fxe3
gxf3+ 41. Kxf3 Kg7 42. Kf4 Nb4 43. a3 Nd3+ 44. Ke4 Nxb2 45. Kd4 Kg6 46. Kc5 Kf5
47. Kb6 Nc4+ 48. Kxa6 Nxa3 49. g4+ Kxe5 0-1

[Event "Druzynowe Mistrzostwa Polski - I Liga 2018"]
[Site "Pokrzywna"]
[Date "1899-12-30"]
[Round "2.15"]
[White "Simantsev, Mikhail"]
[Black "Koziol, Kamil"]
[Result "1-0"]
[WhiteTitle "GM"]
[BlackTitle "FM"]
[WhiteElo "2445"]
[BlackElo "2310"]

1. d4 d6 2. Nf3 Bg4 3. c4 Nd7 4. Nc3 e5 5. g3 Ngf6 6. Bg2 c6 7. h3 Bxf3 8. Bxf3
g6 9. Be3 Bg7 10. Bg2 O-O 11. Qd2 Re8 12. d5 c5 13. g4 Nb6 14. b3 Rb8 15. a4 a6
16. O-O Na8 17. Rfb1 a5 18. Rf1 b6 19. Rae1 h5 20. g5 Nh7 21. Ne4 Rb7 22. Kh2
Rbe7 23. Rg1 Nc7 24. h4 Na6 25. Bh3 Ra7 26. f3 Qb8 27. Bf2 Kf8 28. Bg3 Ke7 29.
f4 Kd8 30. f5 Nf8 31. Rgf1 Nb4 32. Rf3 gxf5 33. Rxf5 Ng6 34. e3 Rae7 35. Ref1
Qc7 36. Nf6 Rh8 37. Ne4 Rh7 38. Qf2 Bh8 39. Nf6 Bxf6 40. Rxf6 Nd3 41. Qf5 Nb4
42. Rxd6+ Ke8 43. Rxg6 fxg6 44. Qf8# 1-0

[Event "Druzynowe Mistrzostwa Polski - I Liga 2018"]
[Site "Pokrzywna"]
[Date "1899-12-30"]
[Round "2.16"]
[White "Tomaszewski, Kacper"]
[Black "Krysztofiak, Marcin"]
[Result "0-1"]
[WhiteTitle "k++"]
[BlackTitle "IM"]
[WhiteElo "2281"]
[BlackElo "2386"]

1. d4 Nf6 2. c4 e6 3. Nf3 b6 4. Nc3 Bb7 5. Bg5 Be7 6. e3 c5 7. d5 Nxd5 8. cxd5
Bxg5 9. Nb5 O-O 10. Nxg5 Qxg5 11. Nc7 Bxd5 12. Nxa8 Bxa8 13. Qa4 Qf6 14. Qc2 Nc6
15. a3 Ne5 16. O-O-O d5 17. h3 c4 18. f4 Nd7 19. Qc3 Qg6 20. Qc2 Qg3 21. Qe2 Nc5
22. Kb1 Ne4 23. Rc1 Nf2 24. Rg1 Nd3 25. Rd1 Qh2 26. Rxd3 Qxg1 27. Rd1 e5 28. f5
b5 29. f6 gxf6 30. Qg4+ Kh8 31. Qf3 f5 32. Qg3 f4 33. Qh4 f6 34. Qh6 Kg8 35. e4
Qf2 36. exd5 Bxd5 37. Qh5 Bf7 38. Qg4+ Bg6+ 39. Ka1 Qc2 40. Qf3 Be4 41. Qg4+ Kh8
0-1

[Event "Druzynowe Mistrzostwa Polski - I Liga 2018"]
[Site "Pokrzywna"]
[Date "1899-12-30"]
[Round "2.17"]
[White "Szustakowski, Antoni"]
[Black "Walach, Marcin"]
[Result "1-0"]
[WhiteTitle "FM"]
[BlackTitle "FM"]
[WhiteElo "2296"]
[BlackElo "2324"]

1. d4 Nf6 2. c4 g6 3. Nc3 d5 4. cxd5 Nxd5 5. e4 Nxc3 6. bxc3 Bg7 7. Nf3 c5 8. Rb1
O-O 9. Be2 cxd4 10. cxd4 Qa5+ 11. Bd2 Qxa2 12. O-O Bg4 13. Bg5 h6 14. Be3 Nc6
15. d5 Na5 16. Re1 b6 17. Nd4 Bd7 18. Ra1 Qb2 19. Ba6 Qb4 20. Rb1 Qd6 21. Qd2
Kh7 22. Red1 f5 23. exf5 Bxf5 24. Nxf5 Rxf5 25. Bd3 Rh5 26. Bf4 Be5 27. Qe2 Kg7
28. g4 Bxf4 29. gxh5 Bxh2+ 30. Kh1 Bf4 31. Bxg6 Rf8 32. Bc2 Qf6 33. Rg1+ Bg5 34.
Rg2 Rf7 35. Bg6 Rf8 36. Bc2 Rf7 37. Qe4 Nb7 38. f4 Qxf4 39. Qh7+ Kf6 40. Qg6+
Ke5 41. Qe6+ Kd4 42. Rb4+ 1-0

[Event "Druzynowe Mistrzostwa Polski - I Liga 2018"]
[Site "Pokrzywna"]
[Date "1899-12-30"]
[Round "2.18"]
[White "Kucharska, Honorata"]
[Black "Harazinska, Magdalena"]
[Result "0-1"]
[WhiteTitle "WFM"]
[BlackTitle "k"]
[WhiteElo "2045"]
[BlackElo "2042"]

1. e4 e6 2. d3 d5 3. Nd2 c5 4. Ngf3 Nc6 5. g3 Bd6 6. Bg2 Nge7 7. O-O O-O 8. Nh4
b6 9. f4 dxe4 10. Nxe4 Bb7 11. Qh5 Rb8 12. Be3 Nd5 13. Bf2 Be7 14. Nf3 Nf6 15.
Qh3 Nb4 16. Nfg5 h6 17. Nxf6+ Bxf6 18. Bxb7 Rxb7 19. Qg2 Rd7 20. Ne4 Nxc2 21.
Bxc5 Nxa1 22. Bxf8 Kxf8 23. Nxf6 Qxf6 24. Rxa1 Qd4+ 25. Qf2 Qxf2+ 26. Kxf2 Rxd3
27. Ke2 Rd5 28. Ke3 Ke7 29. Rf1 f5 30. Rb1 Kf6 31. b3 g5 32. Rb2 e5 33. fxe5+
Kxe5 34. Rc2 Rc5 35. Rd2 Rc3+ 36. Kf2 h5 37. Re2+ Kd4 38. Rd2+ Rd3 39. Rc2 b5
40. Ke2 Rc3 41. Rd2+ Ke4 42. Kf2 a6 43. Ke2 h4 44. gxh4 gxh4 45. Kf2 h3 46. Re2+
Kf4 47. Rd2 Kg4 48. Ke2 f4 49. Kf2 Rc1 50. Ke2 Rg1 0-1

[Event "Druzynowe Mistrzostwa Polski - I Liga 2018"]
[Site "Pokrzywna"]
[Date "1899-12-30"]
[Round "2.19"]
[White "Sopur, Lech"]
[Black "Markowski, Tomasz"]
[Result "0-1"]
[WhiteTitle "m"]
[BlackTitle "GM"]
[WhiteElo "2403"]
[BlackElo "2546"]

1. c4 c5 2. Nc3 g6 3. g3 Bg7 4. Bg2 Nc6 5. a3 b6 6. b4 Bb7 7. Rb1 d6 8. Nf3 Rc8
9. O-O Qd7 10. e3 Bxc3 11. dxc3 Nf6 12. Qc2 Nd8 13. Nd2 Bxg2 14. Kxg2 d5 15. cxd5
Qxd5+ 16. e4 Qb7 17. b5 O-O 18. Re1 c4 19. Rb4 Ne6 20. Nxc4 Rc5 21. f3 Rfc8 22.
Qe2 Qc7 23. Ne3 Rxc3 24. Bb2 Rc5 25. Bxf6 exf6 26. Nd5 Qd8 27. Rb2 Nc7 28. Ne3
Qe7 29. a4 Re8 30. Rc2 f5 31. Rxc5 Qxc5 32. Qd3 fxe4 33. fxe4 h5 34. Re2 Qe5 35.
Nc4 Qe6 36. e5 h4 37. Nd6 Rd8 38. Qe4 Ne8 39. Nxe8 h3+ 40. Kf3 Rxe8 41. Rd2 Qb3+
42. Kf4 Qc3 43. Qd4 Qc1 44. Kg4 Qc8+ 45. Qd7 Qc4+ 46. Kxh3 Qf1+ 47. Kg4 Rxe5 48.
Qd3 Re4+ 0-1

[Event "Druzynowe Mistrzostwa Polski - I Liga 2018"]
[Site "Pokrzywna"]
[Date "1899-12-30"]
[Round "2.20"]
[White "Jakubowski, Krzysztof"]
[Black "Cukrowski, Filip"]
[Result "1/2-1/2"]
[WhiteTitle "GM"]
[BlackTitle "FM"]
[WhiteElo "2508"]
[BlackElo "2397"]

1. d4 e6 2. c4 Nf6 3. Nf3 b6 4. g3 Ba6 5. Nbd2 d5 6. Bg2 c6 7. b3 Bb4 8. Qc2 O-O
9. O-O Nbd7 10. e4 dxe4 11. Nxe4 Nxe4 12. Qxe4 Rc8 13. Bb2 Nf6 14. Qc2 Qe7 15.
Ne5 Bb7 16. a3 Bd6 17. b4 c5 18. Bxb7 Qxb7 19. dxc5 bxc5 20. b5 Bxe5 21. Bxe5
Ne4 22. f3 Ng5 23. Kg2 f6 24. Bf4 Nf7 25. Rad1 g5 26. Bc1 g4 27. Qe4 gxf3+ 28.
Qxf3 Qxf3+ 29. Rxf3 Ne5 30. Rf4 f5 31. Rd6 Rfe8 32. Bb2 Ng4 33. h3 e5 34. Rf3
e4 35. Rb3 e3 36. hxg4 e2 37. Bc3 Re3 38. Rb1 Rxc3 39. gxf5 Re8 40. Re1 Rxa3 41.
Rd5 Rc3 42. Kf2 Rxc4 43. Rxe2 Rxe2+ 44. Kxe2 Rb4 45. Rxc5 Kf7 46. Rc7+ Kf6 47.
Rxh7 Kxf5 48. Rh5+ Kg6 49. Rc5 Rb3 50. Kf2 Ra3 51. Rc6+ Kg5 52. Kg2 Rb3 53. Rc5+
Kg4 54. Rc4+ Kg5 55. Ra4 Rxb5 56. Rxa7 Rb1 57. Ra5+ Kg4 1/2-1/2

[Event "Druzynowe Mistrzostwa Polski - I Liga 2018"]
[Site "Pokrzywna"]
[Date "1899-12-30"]
[Round "2.21"]
[White "Kaczmarek, Aleksander"]
[Black "Krzyzanowski, Marcin"]
[Result "0-1"]
[WhiteTitle "FM"]
[BlackTitle "IM"]
[WhiteElo "2398"]
[BlackElo "2477"]

1. e4 g6 2. d4 Bg7 3. Nf3 d6 4. h3 Nf6 5. Nc3 O-O 6. Bg5 c6 7. Bd3 Qc7 8. Qd2 e5
9. dxe5 dxe5 10. Bxf6 Bxf6 11. h4 Qe7 12. O-O-O Bg4 13. Rdg1 Nd7 14. Nh2 Be6 15.
g4 Nc5 16. g5 Bg7 17. Be2 b5 18. Qe3 b4 19. Nd1 Rfd8 20. h5 Rd4 21. hxg6 Rxe4
22. gxf7+ Bxf7 23. Qf3 Qe6 24. Ng4 Qxa2 25. Bd3 Rd8 26. Nf6+ Bxf6 27. gxf6+ Kf8
28. Rxh7 Qa1+ 29. Kd2 Rxd3+ 30. Qxd3 Nxd3 31. Rh8+ Bg8 32. Rg7 Qc1+ 33. Kxd3 Rd4+
34. Ke2 Qxd1+ 35. Ke3 Qe1+ 36. Kf3 Rf4+ 37. Kg2 Rxf2+ 0-1

[Event "Druzynowe Mistrzostwa Polski - I Liga 2018"]
[Site "Pokrzywna"]
[Date "1899-12-30"]
[Round "2.22"]
[White "Polok, Kacper"]
[Black "Orzech, Dominik"]
[Result "1-0"]
[WhiteTitle "FM"]
[BlackTitle "IM"]
[WhiteElo "2295"]
[BlackElo "2365"]

1. e4 c6 2. Nc3 d5 3. d4 dxe4 4. Nxe4 Nf6 5. Nxf6+ exf6 6. c3 Bd6 7. Bd3 O-O 8.
Ne2 Re8 9. Qc2 Kh8 10. Be3 Nd7 11. O-O-O Nf8 12. Bc4 Qc7 13. d5 c5 14. Rhe1 Bd7
15. Bd3 b5 16. Bf5 Re5 17. Ng3 Rae8 18. Bxd7 Qxd7 19. Kb1 Ng6 20. c4 bxc4 21.
Qxc4 Rb8 22. f4 Rb4 23. Qxb4 cxb4 24. fxe5 fxe5 25. Ne4 a5 26. Bc5 Bc7 27. d6
Bd8 28. Be3 Qg4 29. Ba7 f5 30. Nc5 Qxg2 31. Ne6 Bf6 32. d7 Kg8 33. Rg1 Qe4+ 34.
Ka1 Qc4 35. d8=Q+ Bxd8 36. Rxd8+ Kf7 37. Ng5+ Ke7 38. Rgd1 Qc7 39. Bb8 Qxd8 40.
Rxd8 Kxd8 41. Nf7+ Ke7 42. Nxe5 Nxe5 43. Bxe5 g5 44. Kb1 h5 45. Kc2 h4 46. Kd3
Ke6 47. Bc7 g4 48. Bxa5 f4 49. Ke4 f3 50. Bb6 g3 51. hxg3 h3 52. Kxf3 1-0